LEADER 02177nam 2200385Ia 450 001 996396195903316 005 20221107213706.0 035 $a(CKB)4330000000354703 035 $a(EEBO)2248507292 035 $a(OCoLC)16150781 035 $a(EXLCZ)994330000000354703 100 $a19870709d1679 uy | 101 0 $aeng 135 $aurbn||||a|bb| 200 10$aWhereas it appears by the examination of John Totty, one of the officers at mace in the city of Dublin, taken upon oath before the lord mayor of the said city, that on the first day of this instant April, the examinant being commanded, went with the magistrates and other officers, pursuant to an order of this board, to a mass house on the Merchants-Key in this city, where they found a priest & many people assembled together ..$b[electronic resource] /$fby the Lord Lieutenant and Council, Ormonde 210 $aDublin $cPrinted by Benjamin Tooke and John Crook ... and are to be sold by Mary Crook ...$d1679 215 $a1 broadside 300 $aTitle from first 11 lines of text. 300 $aStatement of responsibility transposed from head of title. 300 $a"Given at the Council-chamber in Dublin the 14th day of April 1679." 300 $aReproduction of original in the Society of Antiquaries Library, London. 330 $aeebo-0147 606 $aAnti-Catholicism$zIreland 607 $aIreland$xHistory$y1649-1775 607 $aIreland$xPolitics and government$y17th century 615 0$aAnti-Catholicism 701 $aOrmonde$b James Butler$cDuke of,$f1610-1688.$01001840 801 0$bEAE 801 1$bEAE 801 2$bUMI 801 2$bWaOLN 906 $aBOOK 912 $a996396195903316 996 $aWhereas it appears by the examination of John Totty, one of the officers at mace in the city of Dublin, taken upon oath before the lord mayor of the said city, that on the first day of this instant April, the examinant being commanded, went with the magistrates and other officers, pursuant to an order of this board, to a mass house on the Merchants-Key in this city, where they found a priest & many people assembled together .$92414156 997 $aUNISA